000 00421nam a2200181Ia 4500
001 8898
005 20260306160643.0
008 260306t1972||||xx |||||||||||||| ||spa||
041 _aESP
082 _a371.912
_bM61
100 _aMinski, Louis,
_eAUT
245 0 _aLa incomunicación en el niño
260 _c1972
300 _a239 páginas :
_c19 cm.
650 _aGEN
654 _aCED
942 _cLIB
_dJUS
_fJUS
_2ddc
_n
999 _c8898
_d8898